000 00448nam a2200133 4500
999 _c7600
_d7600
008 171007b xxu||||| |||| 00| 0 eng d
022 _a01181831
082 _aDPer 613.05 H34 Jul-Nov 2013
245 _aWhen lolo sings the blues:
_bidentifying clinical depression among the elderly.
260 _aPhilippines:
_bMIMS Pte Ltd KDN,
_c©2013.
300 _apages 74+:
_billustrations;
_c28 cm.
650 0 _922964
_aDepressions.
942 _2ddc
_cPER